000 00943nam a22003137a 4500
003 CHAP
005 20220329134428.0
008 971013s1978 r 00010 d
010 _a20353
011 _a21325
035 _a25415
040 _cCHAP
082 _a574.87
_bD5
100 0 0 _aDirksen, Ellen R.
_eed.
_932701
245 _aCell reproduction; in honor of Daniel Mazia
260 _aNew York :
_bAcademic Press,
_c1978
300 _a711 p.
590 _aBATCH-UPD
_b10
_c20130110
_lUCH01
_h1847
590 _aBATCH-UPD
_b10
_c20130410
_lUCH01
_h1217
590 _aBATCH-UPD
_b10
_c20130914
_lUCH01
_h0942
590 _aCONVERSION
_b10
_c20130109
_lUCH01
_h1312
650 1 4 _aCitologĂ­a.
_923489
700 0 _aFox, C. Fred
_eed.
_942800
700 0 _aMazia, Daniel
_eed.
_973318
700 0 _aPrescott, David M.
_eed.
_991513
901 _aBK
942 _cLIBRO
949 _a574.87 D5
_bBC
_cLIBRO
_d33724000473450
_eLIBRO
_h55788
_i25415
_si
999 _c20353
_d20353